000 00581nam a2200229 a 4500
001 0001-1384
003 ELIB.Books
008 160718 2010 eng
020 _a1883053730
035 _a(ELIB.Books)0001-1539
092 _a939.4
_bAve
100 _aAverbeck, Richard E.
245 _aLife and Culture In The Ancient Near East
260 _aBethesda: Md.
_bCDL Press
_c2003
300 _a500
_c23.5 Cm
650 _aCivilization
856 _nKBTS Library
_uKBTS: ELIB
942 _2ddc
_cBK
990 _a1
998 _cbat
_e2016-07-18
999 _c11384
_d11384